Yugoslavia's Second Biggest Cities Ever - Statistics

General Stats
  • This quiz has been taken 50 times
  • The average score is 4 of 7
Answer Stats
Hint Answer % Correct
Serbia Novi Sad
89%
Croatia Split
89%
Bosnia And Herzegovina Banja Luka
77%
Slovenia Maribor
74%
Montenegro Nikšić
46%
North Macedonia Bitola
31%
Kosovo Prizren
31%
No matching quizzes found
Score Distribution
Percent of People with Each Score
Percentile by Number Answered
Your Score History
You have not taken this quiz